Équipe des Pays-Bas - le quiz - Statistiques

Statistiques générales
  • Ce quiz a été pris 116 fois
  • Le résultat moyen est 16 sur 20
Statistiques - réponses
Question Réponse % Correct
De quelle couleur est le maillot de la sélection néerlandaise ? Orange
100%
Combien de Coupe d’Europe à remporté la sélection néerlandaise ? 1
94%
Qui fut la première grande star du football néerlandais, figure du football total ? Johan Cruyff
94%
Quel géant évoluant à Liverpool est actuellement capitaine de l’équipe ? Virgil van Dijk
94%
Combien de finales de Coupe du Monde a-t-elle perdue ? 3
93%
Quelle équipe s’impose face aux Pays-Bas, en prolongation de la finale de la Coupe du Monde 2010 ? Espagne
90%
Quelle star du Bayern chauve joue cette finale sous le maillot orange ? Arjen Robben
89%
Quelle Coupe du Monde dans les années 2000 rateront-ils ? 2002
88%
Quelle équipe élimine les néerlandais en demies-finale du Mondial 98 ? Brésil
86%
Quel autre joueur était une figure de l’équipe et était reconnaissable à son énorme touffe de cheveux ? Ruud Gullit
86%
Quel triple Ballon d’or est le buteur de l’équipe à cette période ? Marco Van Basten
85%
Par quelle sélection les néerlandais sont ils éliminés aux tirs aux buts lors des quarts de finale du Mondial 2022 ? Argentine
84%
Qui est actuellement l’équipementier de la sélection ? Nike
83%
Quel futur sélectionneur des Pays-Bas et coach du Barça jouait comme défenseur central dans cette équipe ? Ronald Koeman
83%
Qui est actuellement le meilleur buteur de la sélection avec 50 buts ? Robin Van Persie
77%
En quelle année les Pays-Bas remportent cet Euro ? 1988
76%
Quel milieu défensif jouant avec la sélection dans les années 90 et début des années 2000 portait des lunettes sur le terrain ? Edgar Davids
75%
Quelles sont les quatre lettres servant d’abréviation à Fédération royale néerlandaise de football (en néerlandais) ? KNVB
28%
Qui est actuellement le joueur le plus capé de la sélection avec 134 sélections ? Wesley Sneijder
26%
Quel coach emblématique de l’Ajax emmène la sélection en finale du Mondial 1974 et leur fait remporter l’Euro ? Rinus Michels
17%
Aucun quiz correspondant
Distribution des résultats
% des personnes avec chaque résultat
Percentile par nombre de réponses
Votre historique - résultats
Vous n’avez pas pris ce quiz